Peringatan diakhir zaman
| Other Authors: | |
|---|---|
| Format: | Book |
| Published: |
Kuala Lumpur :
Darul Nu'man ,
1995
|
| Subjects: |
MARC
| LEADER | 00000cam a2200000 7i4500 | ||
|---|---|---|---|
| 001 | 0000009029 | ||
| 002 | 000009839 | ||
| 005 | 20000330.0 | ||
| 020 | |a 9830460207 | ||
| 090 | 0 | 0 | |a 297 |b PER |
| 245 | 0 | 0 | |a Peringatan diakhir zaman |c penyenggara Ust. Reza Abdul Rahman |
| 260 | |a Kuala Lumpur : |b Darul Nu'man , |c 1995 | ||
| 300 | |a 122p. ; |c 21cm. | ||
| 650 | 0 | 0 | |a Day of judgement (Islam) |
| 700 | 0 | |a Reza Abdul Rahman |f Ustaz | |
| 999 | |a 044028 |b BUKU |c PINJAMAN |e PERPUSTAKAAN KOMUNITI PETALING JAYA | ||
| 999 | |a 046238 |b BUKU |c PINJAMAN |e PERPUSTAKAAN KOMUNITI CAW KOTA DAMANSARA | ||